Éléments chimiques- Carbone - Statistiques

Statistiques générales
  • Ce quiz a été pris 10 fois
  • Le résultat moyen est 7 sur 17
Statistiques - réponses
Questions Réponses % Correct
Symbole C
100%
Masse atomique relative 12,0107
80%
Électronégativité Allred-Rochow 2,5
80%
Electronegativité Pauling 2,55
80%
Niveau d’oxydation -4| 2| 4
80%
Désignation Carbone/ Carboneum
70%
Dureté de Mohs 10/ 0,6*10-2
60%
État de la matière (à 68 °F/ 20 °C et à 1013 hPa) Solide
50%
Densité à 68 °F (20 °F) 3,51g /cm3
40%
Rayon atomique (en pm= en picomètre=10^12) 72,2
30%
Type de structure des réseaux cristallin (Pour le diamant ou pour le graphite, choisissez en un des deux) structure diamant | structure graphite
30%
Classification I Non-métaux
10%
Fraction de masse dans la géosphère de la Terre (en %) 0,087
0%
Année de découverte 5000 av J-C
0%
Température de fusion 6422 °F/ 3550 °C
0%
Température d’ébullition 8720,6 °F/ 4827 °C
0%
Classification II Élément natural
0%
Aucun quiz correspondant
Distribution des résultats
% des personnes avec chaque résultat
Percentile par nombre de réponses
Votre historique - résultats
Vous n’avez pas pris ce quiz